| 000 | 04985nam a22005057a 4500 | ||
|---|---|---|---|
| 005 | 20100407141447.0 | ||
| 010 | _aENG-95990 B-441189-211 | ||
| 020 |
_a9788131728758 _c440.00 |
||
| 035 | _aEN-79523 | ||
| 035 | _aB-441189-211 | ||
| 037 | _bDBAD/VEN | ||
| 037 | _bAllied Publishers | ||
| 082 | _a547 | ||
| 100 |
_aSinghal, Atul _930356 |
||
| 245 |
_aThe pearson guide to organic chemistry for the IIT JEE/ _cby Atul Singhal |
||
| 260 |
_aDelhi _bDorling Kindersley (India) Pvt. Ltd. Licensees of Pearson Education _c2010 |
||
| 270 |
_a14, Local Shopping Centre, Panchsheel Park _bDelhi _e110017 |
||
| 300 |
_aVarious pagings _c26cm. (pbk) |
||
| 942 |
_adpl _cEN _2ddc _mSIN _h547 |
||
| 999 |
_c35133 _d35133 |
||